Súdržnosťou a previazanosťou riadená podpora vývoja

Salvato in:
Dettagli Bibliografici
Autore principale: Ligárt, Bence (Autore)
Altri autori: Lang, Ján (Relatore della tesi)
Natura: Manoscritto Libro
Lingua:slovacco
Pubblicazione: 2019
Soggetti:
Accesso online:http://is.stuba.sk/zp/portal_zp.pl?podrobnosti=145544
Tags: Aggiungi Tag
Nessun Tag, puoi essere il primo ad aggiungerne!!

MARC

LEADER 00000ntm a22000003a 4500
001 stuzp74982
003 SK-STU
005 20190622212647.9
007 ta
008 150427s2015----xo-----f-mn---000-0-slo-d
040 |a STU  |b slo 
041 0 |a slo 
100 1 |a Ligárt, Bence  |u 070200  |k Z4  |4 aut  |U FIIT Fakulta informatiky a informačných technológií  |T FIIT Ústav informatiky, informačných systémov a softvérového inžinierstva  |X 72208  |U I200  |Y 179  |7 72208 
242 0 1 |a Cohesion and coupling driven development support  |y eng 
245 1 0 |a Súdržnosťou a previazanosťou riadená podpora vývoja 
260 |c 2019 
650 4 |a objektovo orientované programovanie  |2 slo 
650 4 |a súdržnosť  |2 slo 
650 4 |a previazanosť  |2 slo 
650 4 |a vývoj softvéru  |2 slo 
650 4 |a softvérové inžinierstvo  |2 slo 
650 4 |a object-oriented programming  |2 eng 
650 4 |a cohesion  |2 eng 
650 4 |a coupling  |2 eng 
650 4 |a software development  |2 eng 
650 4 |a software engineering  |2 eng 
700 1 |a Lang, Ján  |u 070200  |k Z1  |4 ths  |U FIIT Fakulta informatiky a informačných technológií  |T FIIT Ústav informatiky, informačných systémov a softvérového inžinierstva  |X 60247  |U I200  |Y 179  |7 60247 
856 4 |u http://is.stuba.sk/zp/portal_zp.pl?podrobnosti=145544 
996 |c I*DP53/19  |l II680  |s P  |a 0  |w stuzp74982_0001